00394 a2200157 450000500170000002000150001708200130003210000160004511100080006124500260006926000280009530000660012370000190018994200130020899900150022120250611112444.0 a0471401420 a519.5PEL aPELOSI.K .M aUSA aElementary Statistics aUSAbPELOSI. K. Mc2003 axxii, 793, ill, table, figure, picturebAppendix, Indexc28CM aSANDIFER. M. T 2ddccBKS c3730d3730